La quinta disciplina: cómo impulsar el aprendizaje en la organización inteligente
Saved in:
| Hovedforfatter: | |
|---|---|
| Format: | Bog |
| Sprog: | spansk |
| Udgivet: |
Buenos Aires
Granica
1999
|
| Serier: | Management y Contexto
|
| Fag: | |
| Tags: |
Tilføj Tag
Ingen Tags, Vær først til at tagge denne postø!
|
MARC
| LEADER | 00000nam a2200000 a 4500 | ||
|---|---|---|---|
| 001 | UCL3534 | ||
| 003 | CL-VaPUC | ||
| 008 | 031128e19990000AG |||||||||||||||||spa|d | ||
| 020 | |a 8475773516 | ||
| 082 | 0 | 4 | |a 658.406 |b SEN |2 21 |
| 100 | 0 | |a Senge, Peter M |e author |9 480847 | |
| 245 | 1 | 3 | |a La quinta disciplina: cómo impulsar el aprendizaje en la organización inteligente |
| 300 | |a 490 p | ||
| 942 | |c BK | ||
| 945 | |d 20031128 00:00:00 |a cmena | ||
| 260 | |a Buenos Aires |b Granica |c 1999 | ||
| 650 | 0 | |a Aprendizaje organizacional |9 263803 | |
| 650 | 0 | |a Planificación estratégica |9 259735 | |
| 583 | |a last modification |c 20031128 00:00:00 |k Rodrigo Vera | ||
| 490 | 0 | |a Management y Contexto | |
| 999 | |c 306560 |d 306558 | ||
| 952 | |0 0 |1 0 |4 0 |6 658_406000000000000_SEN_1999 |7 0 |8 A |9 371622 |a BIBENE |b BIBENE |d 2019-11-21 |i 3921905 |o 658.406 SEN 1999 |p 3921905 |r 2025-01-15 |w 2019-11-21 |y BK |k ICO | ||
| 952 | |0 0 |1 0 |4 0 |6 658_406000000000000_SEN_1999 |7 0 |8 A |9 371623 |a BIBING |b BIBING |d 2019-11-21 |i 4026268 |l 1 |o 658.406 SEN 1999 |p 4026268 |r 2025-01-20 |s 2022-09-30 |w 2019-11-21 |y BK |k TRA | ||
| 952 | |0 0 |1 0 |4 0 |6 658_406000000000000_SEN_1999 |7 0 |8 A |9 371624 |a BIBING |b BIBING |d 2019-11-21 |i 4026276 |l 1 |m 1 |o 658.406 SEN 1999 |p 4026276 |r 2025-01-20 |s 2022-09-27 |w 2019-11-21 |y BK |k TRA | ||
| 952 | |0 0 |1 0 |4 0 |6 658_406000000000000_SEN_1999 |7 0 |8 A |9 371625 |a BIBING |b BIBING |d 2019-11-21 |i 4026284 |l 4 |m 6 |o 658.406 SEN 1999 |p 4026284 |r 2025-01-20 |s 2024-04-10 |w 2019-11-21 |y BK |k TRA | ||
| 952 | |0 0 |1 0 |4 0 |6 658_406000000000000_SEN_1999 |7 0 |8 A |9 371626 |a BIBING |b BIBING |d 2019-11-21 |i 4026292 |l 2 |o 658.406 SEN 1999 |p 4026292 |r 2025-01-20 |s 2022-10-07 |w 2019-11-21 |y BK |k TRA | ||
| 952 | |0 0 |1 0 |4 0 |6 658_406000000000000_SEN_1999 |7 0 |8 A |9 371627 |a BIBING |b BIBING |d 2019-11-21 |i 4026306 |l 1 |o 658.406 SEN 1999 |p 4026306 |r 2025-01-20 |s 2022-09-30 |w 2019-11-21 |y BK |k TRA | ||